000 00605nam a2200217Ia 4500
005 20241129115853.0
008 241129s9999||||xx |||||||||||||| ||und||
020 _a9780367184926
037 _aTB
040 _aSDCL
_beng
_cSDCL
041 _aeng
_2eng
084 _aV2:9'Q4, Q9
_qSDCL
100 _aTiwari R.K
_9105088
245 0 _aPolitical parties, party manifestos and elections in India, 1909-2014
260 _aLondon
_bRoutledge
_c2019
300 _axxi,309p.
365 _aINR
_b1595
650 _aPolitical Science
942 _cTB
_hV2:9'Q4, Q9
999 _c1232366
_d1232366